Measurement of the differential cross section if the negative pion photoproduction on deuteron at large proton momenta; Fundamental problems of nuclear physics, atomic power engineering and nuclear technologies (Nucleus 2012)

書誌詳細
Parent link:Fundamental problems of nuclear physics, atomic power engineering and nuclear technologies (Nucleus 2012).— 2012.— P. 135
その他の著者: Barkov L. M., Gauzshteyn V. V., Dmitriev V. F., Dusaev R. R., Loginov A. Yu., Mishnev S. I., Nikolenko D. M., Rachek I. A., Sadikov R. Sh., Sidorov A. A., Stibunov V. N. Victor Nikolaevich, Toporkov D. K., Shestakov Yu. V., Zevakov S. A.
要約:В фонде НТБ ТПУ отсутствует
言語:英語
出版事項: 2012
主題:
フォーマット: 図書の章
KOHA link:https://koha.lib.tpu.ru/cgi-bin/koha/opac-detail.pl?biblionumber=599538

MARC

LEADER 00000naa0a2200000 4500
001 599538
005 20250411090525.0
035 |a (RuTPU)RU\TPU\tpu\23623 
035 |a RU\TPU\tpu\22703 
090 |a 599538 
100 |a 20130913d2012 k||y0rusy50 ba 
101 0 |a eng 
102 |a RU 
200 1 |a Measurement of the differential cross section if the negative pion photoproduction on deuteron at large proton momenta  |f L. M. Barkov [et al.] 
333 |a В фонде НТБ ТПУ отсутствует 
463 |t Fundamental problems of nuclear physics, atomic power engineering and nuclear technologies (Nucleus 2012)  |o book of abstracts of LXII International Conference, Voronezh, June 25-30, 2012  |v P. 135  |d 2012 
610 1 |a труды учёных ТПУ 
701 1 |a Barkov  |b L. M. 
701 1 |a Gauzshteyn  |b V. V. 
701 1 |a Dmitriev  |b V. F. 
701 1 |a Dusaev  |b R. R. 
701 1 |a Loginov  |b A. Yu. 
701 1 |a Mishnev  |b S. I. 
701 1 |a Nikolenko  |b D. M. 
701 1 |a Rachek  |b I. A. 
701 1 |a Sadikov  |b R. Sh. 
701 1 |a Sidorov  |b A. A. 
701 1 |a Stibunov  |b V. N.  |c Head of the laboratory of Tomsk Polytechnic University, Doctor of physical and mathematical science  |c Russian nuclear physicist  |f 1943-  |g Victor Nikolaevich  |3 (RuTPU)RU\TPU\pers\31002 
701 1 |a Toporkov  |b D. K. 
701 1 |a Shestakov  |b Yu. V. 
701 1 |a Zevakov  |b S. A. 
801 1 |a RU  |b 63413507  |c 20090928 
801 2 |a RU  |b 63413507  |c 20140206  |g RCR 
942 |c BK